| 000 | 01062nam0a2200265 4500 | ||
|---|---|---|---|
| 001 | RU\NLR\BIBL_A\011388128 | ||
| 005 | 20250626055641.0 | ||
| 035 | _a(NLR Aleph) 011388128 | ||
| 090 |
_a11439474 _c11439474 |
||
| 100 | _a20170519d1992 |||y0rusy50 ca | ||
| 101 | 1 |
_arus _cslo |
|
| 102 | _aRU | ||
| 105 | _ay|||z|||000ay | ||
| 200 | 1 |
_aВавилон _eроман _eв 2 кн. _fМаргита Фигули _g[пер. со словац. И.А. Богдановой, Ю.В. Богданова _gпредисл. Ю.В. Богданова] |
|
| 210 |
_aВоронеж _cЭкономико-правовая фирма "Амко" _d[1992] |
||
| 215 |
_a733 с. _d21 |
||
| 225 | 1 |
_aИсторический роман _eИР |
|
| 686 | 1 | _aШ6(4Че)277-442{Лх1159-51} | |
| 700 | 1 |
_aФигули _bМ. _f1909-1995 _gМаргита _9174015 _3RU\NLR\AUTH\770174066 |
|
| 852 |
_aNLR _j92-3/6460 |
||
| 942 | _cBOOK | ||
| 980 | _aNB | ||